00627nam a2200193Ia 4500003000900000008004100009040001600050080001700066100002500083245010100108260004000209300001300249650001700262650002400279650001500303942000700318999001500325952009300340IN-BaIIA211028s9999 xx 000 0 eng d cIIA Library a519.253bBEE aBeers, Yardley93412 0aIntroduction to the theory of errorcYardley Beers  aMassachusettsbAddison-Wesleyc1953 avi, 65p. aErrors91614 aErrors theory91615 aStatistics cBK c1746d1746 00104070aBANbBANcGENd0000-00-00l0o519.253/ BEEp1912r2021-11-05w0000-00-00yBK